Problematika vzdelávania ekonómov i širšej verejnosti v období príprav SR na vstup do EÚ

Salvato in:
Dettagli Bibliografici
Autore principale: Šíbl, Drahoš
Altri autori: Šaková, Beáta, Kittová, Zuzana, 1975-
Natura: Capitolo di libro
Lingua:slovacco
Soggetti:
Tags: Aggiungi Tag
Nessun Tag, puoi essere il primo ad aggiungerne!!

MARC

LEADER 00000naa$a2200000$$$4500
001 0251461
005 20240502074032.4
041 0 |a slo 
044 |a SK 
245 1 0 |a Problematika vzdelávania ekonómov i širšej verejnosti v období príprav SR na vstup do EÚ  |c Drahoš Šíbl, Beáta Šaková, Zuzana Kittová 
610 2 0 |a Európska únia 
610 2 0 |a integrácia 
610 2 0 |a integrácia ekonomická medzinárodná 
610 2 0 |a vzdelávanie 
610 2 0 |a osveta 
610 2 0 |a ekonómovia 
610 2 0 |a obyvateľstvo 
100 1 |a Šíbl, Drahoš 
700 1 |a Šaková, Beáta 
700 1 |a Kittová, Zuzana, 1975-